Statistics for U.S. Cities With The Most Expensive Hourly Parking

Click here to take the quiz!

General Stats

  • This quiz has been taken 29 times
  • The average score is 17 of 20

Answer Stats

City$% Correct
Boston$16.00
100%
Chicago$17.00
100%
Miami$8.00
100%
New York City$27.00
100%
San Francisco$7.25
100%
Philadelphia$12.00
95%
Seattle$8.00
95%
Los Angeles$9.50
90%
San Diego$8.00
90%
Atlanta$7.00
86%
Denver$8.00
86%
Pittsburgh$7.00
81%
Washington D.C.$11.00
81%
Detroit$9.00
76%
Baltimore$7.00
71%
Charlotte$7.00
71%
Cleveland$9.00
71%
Minneapolis$10.00
71%
Newark$8.00
62%
Bellevue$7.00
29%

Score Distribution

Percentile by Number Answered

Percent of People with Each Score

Your Score History

You have not taken this quiz